00445cam a22001457a 4500008004000000082001300040100001700053245005900070260002700129300001000156650001000166700002000176999001900196952008400215180718b1959 xxu||||| |||| 00| 0 eng d aT41 K845 aKorteseg, S. aA textbook of moneycby S. Korteseg and F.A.G. Keesing aLondonbLongmansc1959 a308p. aMoney aKeesing, F.A.G. c369660d369660 00104070aIIPAbIIPAd1994-06-02oT41 K845p21129r2018-07-21w2018-07-21yBK